Marka na "M" - Statystyki

Ogólne statystyki
  • Ten quiz został rozwiązany 85 razy
  • Średni wynik to 3 z 15
Statystyki odpowiedzi
Hint Odpowiedź % Poprawnych
5. Mazda
52%
3. McDonald's
48%
2. M&M
36%
15. Microsoft
33%
12. Mentos
24%
10. Mercedes-Benz
22%
7. Milka
22%
1. Marlboro
21%
9. Monster
19%
11. Media Expert
17%
14. Mamba
12%
4. Manta
12%
8. Marvel
10%
6. MSI
10%
13. Minecraft
9%
Nie znaleziono quizów pasujących do podanych kryteriów
Rozkład punktacji
Procent ludzi z każdym wynikiem
Percentyl według liczby udzielonych odpowiedzi
Twoja historia wyników
Nie rozwiązałeś tego quizu